| 000 | 00649nam a2200205 i 4500 | ||
|---|---|---|---|
| 001 | 189820 | ||
| 003 | ES-MaACL | ||
| 005 | 20230906223550.0 | ||
| 008 | 191129s1967 sp |||| | spa d | ||
| 100 | 1 |
_aDi Miscio, Gennaro. _9168953 |
|
| 245 | 1 | 3 |
_aEl proceso de Cristo / _cGennaro di Miscio ; [traducción, Fausto Rodón]. |
| 260 |
_aBarcelona : _bDima, _c1967. |
||
| 300 |
_a181 p. ; _c23 cm. |
||
| 490 | 1 |
_aColección "Nuestros días" ; _v11 |
|
| 600 | 0 | 4 |
_aJesucristo- _xProcesos. _966377 |
| 700 | 0 |
_aRodón, Fausto. _998157 |
|
| 830 | 0 |
_aColección "Nuestros días" ; _v11 _9193408 |
|
| 852 |
_aES-MaACL _jP-1091-11 |
||
| 999 |
_c189820 _d189820 |
||